<?xml version="1.0" encoding="UTF-8"?>
<record
    xmlns:xsi="http://www.w3.org/2001/XMLSchema-instance"
    xsi:schemaLocation="http://www.loc.gov/MARC21/slim http://www.loc.gov/standards/marcxml/schema/MARC21slim.xsd"
    xmlns="http://www.loc.gov/MARC21/slim">

  <leader>01066nam0a2200313   4500</leader>
  <controlfield tag="001">RU\NLR\BIBL_A\022676559</controlfield>
  <controlfield tag="005">20251215131942.0</controlfield>
  <datafield tag="010" ind1=" " ind2=" ">
    <subfield code="a">978-5-298-04830-9</subfield>
    <subfield code="9">1050</subfield>
  </datafield>
  <datafield tag="021" ind1=" " ind2=" ">
    <subfield code="a">RU</subfield>
    <subfield code="b">&#x41A;&#x41D;-&#x41F;-25-055685</subfield>
    <subfield code="9">&#x41A;&#x41D;-&#x41F;-25-5377</subfield>
  </datafield>
  <datafield tag="035" ind1=" " ind2=" ">
    <subfield code="a">(NLR Aleph) 022676559</subfield>
  </datafield>
  <datafield tag="090" ind1=" " ind2=" ">
    <subfield code="a">13505196</subfield>
    <subfield code="c">13505196</subfield>
  </datafield>
  <datafield tag="100" ind1=" " ind2=" ">
    <subfield code="a">20251202d2025    m  y0rusy50      ca</subfield>
  </datafield>
  <datafield tag="101" ind1="0" ind2=" ">
    <subfield code="a">tat</subfield>
  </datafield>
  <datafield tag="102" ind1=" " ind2=" ">
    <subfield code="a">RU</subfield>
  </datafield>
  <datafield tag="105" ind1=" " ind2=" ">
    <subfield code="a">y   z   000 y</subfield>
  </datafield>
  <datafield tag="181" ind1=" " ind2="0">
    <subfield code="a">i </subfield>
    <subfield code="b">axxe  </subfield>
  </datafield>
  <datafield tag="182" ind1=" " ind2="0">
    <subfield code="a">n</subfield>
  </datafield>
  <datafield tag="200" ind1="1" ind2=" ">
    <subfield code="a">&#x421;&#x438;&#x4A3;&#x430;</subfield>
    <subfield code="e">&#x448;&#x438;&#x433;&#x44B;&#x440;&#x44C;&#x43B;&#x4D9;&#x440;</subfield>
    <subfield code="f">&#x413;&#x4E9;&#x43B;&#x4AF;&#x441;&#x4D9; &#x428;&#x430;&#x4BB;&#x431;&#x430;&#x43D;</subfield>
  </datafield>
  <datafield tag="203" ind1=" " ind2=" ">
    <subfield code="a">&#x422;&#x435;&#x43A;&#x441;&#x442;</subfield>
    <subfield code="b">&#x432;&#x438;&#x437;&#x443;&#x430;&#x43B;&#x44C;&#x43D;&#x44B;&#x439;</subfield>
    <subfield code="c">&#x43D;&#x435;&#x43F;&#x43E;&#x441;&#x440;&#x435;&#x434;&#x441;&#x442;&#x432;&#x435;&#x43D;&#x43D;&#x44B;&#x439;</subfield>
  </datafield>
  <datafield tag="210" ind1=" " ind2=" ">
    <subfield code="a">&#x41A;&#x430;&#x437;&#x430;&#x43D;</subfield>
    <subfield code="c">&#x422;&#x430;&#x442;&#x430;&#x440;. &#x43A;&#x438;&#x442;. &#x43D;&#x4D9;&#x448;&#x440;.</subfield>
    <subfield code="d">2025</subfield>
  </datafield>
  <datafield tag="215" ind1=" " ind2=" ">
    <subfield code="a">142,[1] &#x431;.</subfield>
    <subfield code="d">21</subfield>
  </datafield>
  <datafield tag="300" ind1=" " ind2=" ">
    <subfield code="a">&#x412; &#x432;&#x44B;&#x43F;. &#x434;&#x430;&#x43D;. &#x430;&#x432;&#x442;.: &#x428;&#x430;&#x433;&#x431;&#x430;&#x43D; &#x413;&#x435;&#x43B;&#x44E;&#x441;&#x430; (&#x428;&#x430;&#x433;&#x431;&#x430;&#x43D;&#x43E;&#x432;&#x430; &#x413;&#x435;&#x43B;&#x44E;&#x441;&#x430; &#x413;&#x443;&#x441;&#x43C;&#x430;&#x43D;&#x43E;&#x432;&#x43D;&#x430;).</subfield>
  </datafield>
  <datafield tag="541" ind1="1" ind2=" ">
    <subfield code="6">z01790</subfield>
    <subfield code="a">&#x422;&#x435;&#x431;&#x435;</subfield>
    <subfield code="e">[&#x441;&#x442;&#x438;&#x445;&#x438;].</subfield>
    <subfield code="z">rus</subfield>
  </datafield>
  <datafield tag="686" ind1="1" ind2=" ">
    <subfield code="a">&#x428;6(2=&#x422;&#x430;&#x442;)7-5</subfield>
  </datafield>
  <datafield tag="700" ind1=" " ind2="1">
    <subfield code="a">&#x428;&#x430;&#x4BB;&#x431;&#x430;&#x43D;</subfield>
    <subfield code="b">&#x413;.</subfield>
    <subfield code="g">&#x413;&#x4E9;&#x43B;&#x4AF;&#x441;&#x4D9;</subfield>
    <subfield code="4">070</subfield>
  </datafield>
  <datafield tag="790" ind1=" " ind2="1">
    <subfield code="6">z01541</subfield>
    <subfield code="a">&#x428;&#x430;&#x433;&#x431;&#x430;&#x43D;</subfield>
    <subfield code="b">&#x413;.</subfield>
    <subfield code="g">&#x413;&#x435;&#x43B;&#x44E;&#x441;&#x430;</subfield>
    <subfield code="4">070</subfield>
  </datafield>
  <datafield tag="942" ind1=" " ind2=" ">
    <subfield code="c">BOOK</subfield>
  </datafield>
  <datafield tag="980" ind1=" " ind2=" ">
    <subfield code="a">NB</subfield>
  </datafield>
</record>
